000 00944nam a22002417a 4500
005 20240530110454.0
008 150531s2009 ua ad g 000 0 ara d
017 _a2009/8805
_bمصر . دار الكتب المصرية
020 _a977337338x
040 _aEG-CaGPL
082 0 4 _221
_a658.409\
_bع د
245 0 0 _aدبلوماسية القيادة بالذكاء العاطفى /
_cمراجعة و تقديم عبدالرحمن توفيق
260 _aالقاهرة :
_bببميك ،
_c2009 .
300 _a311 ص :
_bجداول ؛
_c24 سم .
490 _aسلسلة اصدارات بميك ؛
650 0 4 _aالقيادة الادارية
650 0 4 _aعلم النفس الادارى
650 0 4 _aالذكاء الادارى
650 0 4 _aالسلوك الادارى
_xالذكاء
700 0 _aعبدالرحمن توفيق
_eمراجع و مقدم
942 _2ddc
_cBK
999 _c61335
_d61335